Капитальные ремонты пути и стрелочных переводов. Ч. 1 учебное пособие Ч. 1 Капитальные ремонты пути и стрелочных переводов. Ч. 1
В учебном пособии рассматриваются путевые машины и комплексы для замены рельсошпальной решетки, современные отечественные и зарубежные технологии замены. Изложены основы планирования, организации и технологии работ по реконструкции и капитальным ремонтам железнодорожного пути. Предназначено для обуч...
Сохранить в:
| Главный автор: | |
|---|---|
| Другие авторы: | , |
| Формат: | Книга |
| Язык: | Russian |
| Опубликовано: |
Санкт-Петербург
ПГУПС
2021
|
| Online-ссылка: | https://e.lanbook.com/book/222602 https://e.lanbook.com/img/cover/book/222602.jpg |
| Метки: |
Добавить метку
Нет меток, Требуется 1-ая метка записи!
|
| LEADER | 01952nam0a2200265 i 4500 | ||
|---|---|---|---|
| 001 | 222602 | ||
| 003 | RuSpLAN | ||
| 005 | 20221220174152.0 | ||
| 008 | 221220s2021 ru gs 000 0 rus | ||
| 020 | |a 978-5-7641-1666-2 | ||
| 040 | |a RuSpLAN | ||
| 041 | 0 | |a rus | |
| 044 | |a ru | ||
| 245 | 1 | |a Капитальные ремонты пути и стрелочных переводов. Ч. 1 |b учебное пособие |c Чуян С. Н.,Захаров В. Б.,Киселев А. А. |n Ч. 1 |p Капитальные ремонты пути и стрелочных переводов. Ч. 1 | |
| 260 | |a Санкт-Петербург |b ПГУПС |c 2021 | ||
| 300 | |a 45 с. | ||
| 504 | |a Библиогр.: доступна в карточке книги, на сайте ЭБС Лань | ||
| 520 | 8 | |a В учебном пособии рассматриваются путевые машины и комплексы для замены рельсошпальной решетки, современные отечественные и зарубежные технологии замены. Изложены основы планирования, организации и технологии работ по реконструкции и капитальным ремонтам железнодорожного пути. Предназначено для обучающихся по специальности 23.05.06 «Строительство железных дорог, мостов и транспортных тоннелей» всех форм обучения. | |
| 521 | 8 | |a Книга из коллекции ПГУПС - Инженерно-технические науки | |
| 100 | 1 | |a Чуян С. Н. | |
| 700 | 1 | |a Захаров В. Б. | |
| 700 | 1 | |a Киселев А. А. | |
| 856 | 4 | |u https://e.lanbook.com/book/222602 | |
| 856 | 4 | 8 | |u https://e.lanbook.com/img/cover/book/222602.jpg |
| 953 | |a https://e.lanbook.com/img/cover/book/222602.jpg | ||